| 000 | 00822nam a22002417a 4500 | ||
|---|---|---|---|
| 003 | OSt | ||
| 005 | 20240530073925.0 | ||
| 008 | 210310b 2020 dr f 00| 0 eng d | ||
| 020 | _a9789945096088 | ||
| 040 |
_aDO-SdBNP _bspa _cBNPHU |
||
| 082 | 4 |
_aRD863.5 _bD346b _222 |
|
| 100 | 1 |
_aDe Leon , Luis Antonio, _d1988- _978068 |
|
| 245 | 1 | 0 |
_aBuscando tus ojos / _cLuis Antonio De León Encarnación |
| 246 | 3 | _aBuscando Tus Ojos: ¿Qué estarías dispuesto hacer para encontrar el amor de tu vida? | |
| 260 |
_aSanto Domingo : _b[s. n.] _c2020. |
||
| 300 |
_a159 p. ; _c21 cm. |
||
| 500 | _aIncluye datos biográficos del autor : p.161 | ||
| 590 | _aInventariado, 2021 /LP | ||
| 650 | 0 |
_aNovela dominicana _9223 |
|
| 650 | 4 |
_aLiteratura dominicana _978764 |
|
| 910 | _aValidado. Control de calidad MFF | ||
| 942 |
_2ddc _cLBS1 |
||
| 999 |
_c49533 _d49533 |
||